书目信息 |
| 题名: |
广义哈密顿系统理论及其应用
|
|
| 作者: | 李继彬 著 | |
| 分册: | ||
| 出版信息: | 北京 科学出版社 1994.12 |
|
| 页数: | 267页 | |
| 开本: | 32开 | |
| 丛书名: | 现代数学基础丛书 | |
| 单 册: | ||
| 中图分类: | O193 | |
| 科图分类: | ||
| 主题词: | 突变理论 , 流形分析 , 突变 , 整体分析 | |
| 电子资源: | ||
| ISBN: | 7-03-004220-4 | |
| 000 | 00712nam0 2200253 45 | |
| 001 | 0110240991 | |
| 005 | 20031219104051.2 | |
| 010 | @a7-03-004220-4@dCNY18.00 | |
| 100 | @a20011024d1994 km y0chiy0120 ea | |
| 101 | 0 | @achi |
| 105 | @a z 000yy | |
| 200 | 1 | @a广义哈密顿系统理论及其应用@AGuang Yi Ha Mi Dun Xi Tong Li Lun Ji Qi Ying Yong@f李继彬等著@FLi Ji Bin Deng Zhu |
| 210 | @a北京@c科学出版社@d1994.12 | |
| 215 | @a267页@d32开 | |
| 225 | @a现代数学基础丛书 | |
| 410 | @12001 @a现代数学基础丛书 | |
| 606 | 0 | @a突变理论 |
| 606 | 0 | @a流形分析 |
| 606 | 0 | @a突变 |
| 606 | 0 | @a整体分析 |
| 690 | @aO193@v4 | |
| 701 | @a李继彬@4著 | |
| 801 | @aCN@bTSTC@c20011024 | |
| 905 | @f5@b299821-825@dO193@e26 | |
| 广义哈密顿系统理论及其应用/李继彬等著.-北京:科学出版社,1994.12 |
| 267页;32开.-(现代数学基础丛书) |
| ISBN 7-03-004220-4:CNY18.00 |
| ● |
| 相关链接 |
|
|
|
|
正题名:广义哈密顿系统理论及其应用
索取号:O193/26
 
预约/预借
| 序号 | 登录号 | 条形码 | 馆藏地/架位号 | 状态 | 备注 |
| 1 | 0299821 | 202998211 | 第三借阅区/ [索取号:O193/26] | 在馆 | |
| 2 | 0299822 | 202998220 | 第三借阅区/ [索取号:O193/26] | 在馆 | |
| 3 | 0299823 | 202998239 | 第三借阅区/ [索取号:O193/26] | 在馆 | |
| 4 | 0299824 | 202998248 | 第三借阅区/ [索取号:O193/26] | 在馆 | |
| 5 | 0299825 | 202998257 | 第二样本阅览室/ [索取号:O193/26] | 在馆 |